The hippocampal and parietal foundations of spatial cognition / (Record no. 301)

MARC details
000 -LEADER
fixed length control field 01435nam a22003497a 4500
001 - CONTROL NUMBER
control field 2142657
005 - DATE AND TIME OF LATEST TRANSACTION
control field 20230427064520.0
008 - FIXED-LENGTH DATA ELEMENTS--GENERAL INFORMATION
fixed length control field 230427b |||||||| |||| 00| 0 eng d
010 ## - LIBRARY OF CONGRESS CONTROL NUMBER
LC control number 98026209
020 ## - INTERNATIONAL STANDARD BOOK NUMBER
International Standard Book Number 0198524536 (hardcover)
020 ## - INTERNATIONAL STANDARD BOOK NUMBER
International Standard Book Number 97801988524533 (hardcover)
020 ## - INTERNATIONAL STANDARD BOOK NUMBER
International Standard Book Number 0198524528 (pbk.)
040 ## - CATALOGING SOURCE
Original cataloging agency DLC
Transcribing agency KMU
Modifying agency KMU
Description conventions rda
050 00 - LIBRARY OF CONGRESS CALL NUMBER
Classification number QP 491
Item number .H56 1999
245 04 - TITLE STATEMENT
Title The hippocampal and parietal foundations of spatial cognition /
Statement of responsibility, etc. edited by N. Burgess, K.J. Jeffery and J. O'Keefe.
260 ## - PUBLICATION, DISTRIBUTION, ETC.
Place of publication, distribution, etc. Oxford ;
-- New York :
Name of publisher, distributor, etc. Oxford University Press,
Date of publication, distribution, etc. 1999.
300 ## - PHYSICAL DESCRIPTION
Extent xi, 490 p. :
Other physical details ill. ;
Dimensions 24 cm.
500 ## - GENERAL NOTE
General note "Originating from a discussion meeting of the Royal Society of London."
504 ## - BIBLIOGRAPHY, ETC. NOTE
Bibliography, etc. note Includes bibliographical references and indexes.
650 #0 - SUBJECT ADDED ENTRY--TOPICAL TERM
Topical term or geographic name entry element Space perception.
650 #0 - SUBJECT ADDED ENTRY--TOPICAL TERM
Topical term or geographic name entry element Hippocampus (Brain)
650 #0 - SUBJECT ADDED ENTRY--TOPICAL TERM
Topical term or geographic name entry element Parietal lobes.
700 1# - ADDED ENTRY--PERSONAL NAME
Personal name Burgess, N.
Fuller form of name (Neil)
700 1# - ADDED ENTRY--PERSONAL NAME
Personal name Jeffery, K. J.
Fuller form of name (Kathryn J.)
700 1# - ADDED ENTRY--PERSONAL NAME
Personal name O'Keefe, John.
710 2# - ADDED ENTRY--CORPORATE NAME
Corporate name or jurisdiction name as entry element Royal Society (Great Britain)
856 42 - ELECTRONIC LOCATION AND ACCESS
Materials specified Publisher description
Uniform Resource Identifier <a href="http://www.loc.gov/catdir/enhancements/fy0605/98026209-d.html">http://www.loc.gov/catdir/enhancements/fy0605/98026209-d.html</a>
856 41 - ELECTRONIC LOCATION AND ACCESS
Materials specified Table of contents only
Uniform Resource Identifier <a href="http://www.loc.gov/catdir/enhancements/fy0605/98026209-t.html">http://www.loc.gov/catdir/enhancements/fy0605/98026209-t.html</a>
906 ## - LOCAL DATA ELEMENT F, LDF (RLIN)
a 7
b cbc
c orignew
d 1
e ocip
f 19
g y-gencatlg
942 ## - ADDED ENTRY ELEMENTS (KOHA)
Source of classification or shelving scheme Library of Congress Classification
Koha item type Non-Fiction
Suppress in OPAC No
Holdings
Withdrawn status Lost status Source of classification or shelving scheme Damaged status Not for loan Collection Home library Current library Shelving location Date acquired Source of acquisition Total Checkouts Full call number Barcode Date last seen Price effective from Koha item type
    Library of Congress Classification     Non-fiction Kapasa Makasa University Kapasa Makasa University Open Access 27.04.2023 Zambia Library Service   QP 491 The 300203 27.04.2023 27.04.2023 Non-Fiction